000 00424nam a2200181Ia 4500
001 17065
005 20260306170357.0
008 260306t2002||||xx |||||||||||||| ||und||
041 _aESP
082 _a657.45
_bB81A
100 _aBravo Cervantes, Miguel Horacio
_eAUT
245 0 _aAuditoría Integral
260 _c2002
300 _a759 páginas :
_c
650 _aGEN
654 _aCCO
942 _cLIB
_dJUS
_fJUS
_2ddc
_n
999 _c17065
_d17065